000 00888nam0a22002531 4500
001 v19\rc\1388447
005 20250618092940.0
035 _a(NLR Aleph) 004521495
090 _a4871228
_c4871228
100 _a20060512d1871 |||y0rusy50 ca
101 0 _arus
102 _aRU
105 _ay z |||e|
200 1 _aПолный всеобщий письмовник, содержащий титулы, письма родственные и дружеские...
_fСост. Н.И. К....в
210 _aМосква
_cП.А. Глушков
_d1871
215 _a[2], II, 140 с.
_d16
316 _aЭкз. РНБ (18.126.7.470): деф.: отсутствуют с. 127-138
_5NLR: 18.126.7.470
702 1 _aК...в
_bН.И.
_4220
801 0 _aRU
_bNLR
_gpsbo
801 0 _aRU
_bRuMoRGB
_2psbo
801 1 _aRU
_bProSoft-M
_2rusmarc
852 _aNLR
_j18.126.7.470
942 _cBOOK
980 _aNB